000
00328nam a22001457a 4500
008
210312b ||||| |||| 00| 0 eng d
020
_a
9780940780866
041
_a
eng
080
_a
617
082
_a
617
100
_a
8
101
_a
ORT
245
_a
Orthopedics made Ridiculously Simple
_c
Ouellette, H
942
_2
udc
_c
BK
999
_c
56551
_d
56551